000 00366nam a2200133Ia 4500
005 20260328101445.0
008 260328s9999||||xx |||||||||||||| ||und||
100 _aUgarte, Jimena
245 0 _aI Encuentro de Arquitectura tropical /
_cJimena Ugarte
260 _bInstituto de Arquitectura Tropical
300 _a307 p.
650 _aARQUITECTURA Y CLIMA
942 _cBK
999 _c8412
_d8412